[Event "QA-ANNIV-03"]
[Site "http://www.queenalice.com/game.php?id=316118"]
[Date "2007.12.6"]
[Round "4"]
[White "glmelo"]
[Black "ritinha"]
[Result "1-0"]
[WhiteElo "2324"]
[BlackElo "2062"]

1. d4 Nf6 2. c4 e6 3. Nc3 Bb4 4. Qc2 O-O 5. a3 Bxc3+ 6. Qxc3 Ne4 7. Qc2 f5 8.
Nh3 Nc6 9. e3 d6 10. f3 Nf6 11. Bd3 e5 12. dxe5 Nxe5 13. Be2 Qe8 14. O-O Qc6 15.
b3 b5 16. Bb2 Re8 17. Bd4 bxc4 18. bxc4 a5 19. Nf4 Rb8 20. Rac1 Bd7 21. c5 Qa4
22. Qa2+ Kh8 23. Rc3 Rg8 24. Ne6 Bxe6 25. Qxe6 Qd7 26. Qxd7 Nexd7 27. cxd6 cxd6
28. Rc6 d5 29. Ra6 Rge8 30. Rxa5 f4 31. Bb5 fxe3 32. Re1 Kg8 33. a4 Rb7 34. Rxe3
Reb8 35. g4 h6 36. h4 Nf8 37. Kf2 Rc8 38. Ra6 Rf7 39. Kg3 Rc1 40. Rd3 Rb1 41.
Ra8 Kh7 42. Bxf6 Rxf6 43. Rxd5 Rg1+ 44. Kh2 Rc1 45. Bd3+ g6 46. h5 Kg7 47. Ra7+
Rf7 48. Rxf7+ Kxf7 49. hxg6+ Nxg6 50. Bxg6+ 1-0

[Event "Brazilian Open"]
[Site "http://www.queenalice.com/game.php?id=326326"]
[Date "2007.12.26"]
[Round "3"]
[White "glmelo"]
[Black "Skovtrolden"]
[Result "1/2-1/2"]
[WhiteElo "2331"]
[BlackElo "2091"]

1. d4 Nf6 2. c4 g6 3. Nc3 d5 4. cxd5 Nxd5 5. e4 Nxc3 6. bxc3 Bg7 7. Nf3 c5 8.
Be3 Qa5 9. Qd2 Nc6 10. Rc1 cxd4 11. cxd4 Qxd2+ 12. Kxd2 O-O 13. d5 Rd8 14. Ke1
Na5 15. Bg5 Bd7 16. Bd3 Rdc8 17. Ke2 e6 18. Bd2 exd5 19. exd5 Re8+ 20. Be3 Ba4
21. Bc2 Bb5+ 22. Bd3 Bxd3+ 23. Kxd3 Red8 24. Rc5 b6 25. Rc7 Rxd5+ 26. Ke2 Bf8
27. Rhc1 Rdd8 28. Ng5 Bd6 29. Nxf7 Bxc7 1/2-1/2

[Event "AUTO-ELITE-126"]
[Site "http://www.queenalice.com/game.php?id=330921"]
[Date "2008.1.4"]
[Round "2"]
[White "LoveChess"]
[Black "glmelo"]
[Result "1/2-1/2"]
[WhiteElo "2486"]
[BlackElo "2316"]

1. c4 e6 2. Nf3 d5 3. g3 dxc4 4. Bg2 a6 5. O-O Nf6 6. Nc3 Nbd7 7. Qc2 Be7 8. b3
cxb3 9. axb3 O-O 10. Re1 Nd5 11. Nxd5 exd5 12. e4 dxe4 13. Qxe4 Bf6 14. d4 Nc5
15. Qc2 Ne6 16. Bb2 c6 17. Bc3 Re8 18. Ba5 b6 19. Bc3 Bb7 20. Rad1 Qd6 21. Ne5
Rad8 22. Nc4 Qc7 23. Ne5 Qd6 24. Nc4 Qf8 25. Ne5 Bxe5 26. Rxe5 Nc7 27. Bb2 Qb4
28. Bf3 Nd5 29. Qc4 Qd6 30. Rde1 Rxe5 31. dxe5 Qe6 32. Rd1 h6 33. Qh4 Re8 34.
Qd4 a5 35. Qc4 Rd8 36. Qh4 Rf8 37. Qd4 Ra8 1/2-1/2

[Event "AUTO-ELITE-126"]
[Site "http://www.queenalice.com/game.php?id=330922"]
[Date "2008.1.4"]
[Round "2"]
[White "glmelo"]
[Black "LoveChess"]
[Result "0-1"]
[WhiteElo "2325"]
[BlackElo "2488"]

1. d4 Nf6 2. c4 e6 3. Nc3 Bb4 4. Qc2 c5 5. dxc5 O-O 6. a3 Bxc5 7. Bf4 Nc6 8. e3
Nh5 9. Bg3 f5 10. Be2 Nxg3 11. hxg3 Qf6 12. Nf3 h6 13. O-O-O Rb8 14. g4 fxg4 15.
Ne4 Qe7 16. Nh2 h5 17. Nf1 Bxa3 18. Rxh5 Rf5 19. Rxf5 exf5 20. Neg3 Bc5 21. Nxf5
Qe6 22. N1g3 Nb4 23. Qb3 d6 24. Rd4 Qf6 25. Rf4 g5 26. Ne4 Qf8 27. Nxg5 Bxf5 28.
e4 Qh6 29. Rxf5 Rf8 30. f4 Qh1+ 31. Qd1 Qxg2 32. Rxc5 dxc5 33. Bxg4 Qh2 34. Ne6
Re8 35. Kb1 Qg3 36. Bf5 Qd3+ 37. Qxd3 Nxd3 38. Kc2 Nb4+ 39. Kc3 b6 40. Bg4 Re7
41. e5 Rh7 42. Bf5 Rh6 43. Bg4 a5 44. Kd2 Rh2+ 45. Be2 Nc6 46. Kd3 Rh3+ 47. Kd2
Nd4 48. Nxd4 cxd4 49. f5 Rb3 50. Bd1 Rxb2+ 51. Kd3 Rf2 0-1

[Event "Brazilian Open"]
[Site "http://www.queenalice.com/game.php?id=349801"]
[Date "2008.2.7"]
[Round "4"]
[White "gbsalvio"]
[Black "glmelo"]
[Result "0-1"]
[WhiteElo "2445"]
[BlackElo "2332"]

1. Nc3 g6 2. d4 Bg7 3. e4 d6 4. Be3 a6 5. Qd2 b5 6. a4 b4 7. Nd1 a5 8. f3 Nf6 9.
Bh6 Bxh6 10. Qxh6 e5 11. dxe5 dxe5 12. Bc4 Qe7 13. Ne3 Nbd7 14. Nh3 Nb6 15. Bb5+
Bd7 16. Nf2 c6 17. Bc4 Nh5 18. Bb3 Nf4 19. g3 Ne6 20. Nd3 f6 21. c3 bxc3 22.
bxc3 Nc5 23. Nxc5 Qxc5 24. O-O O-O-O 25. Rf2 f5 26. exf5 gxf5 27. Be6 Rhf8 28.
Kg2 Qd6 29. Bxd7+ Rxd7 30. Qxd6 Rxd6 31. Rb1 Kc7 32. Rxb6 Kxb6 33. Nc4+ Kc5 34.
Nxd6 Kxd6 35. Rb2 Rf7 36. Rb6 Kd5 37. Ra6 c5 38. Kf2 Kc4 39. Rxa5 Rb7 40. h4 f4
41. gxf4 exf4 42. Ra8 Kxc3 43. a5 c4 44. a6 Rb2+ 45. Ke1 Rb6 46. a7 Rb7 47. Kf1
Rc7 48. h5 Kc2 49. Kg2 c3 50. Kf2 h6 51. Ke1 Kc1 52. Ke2 Re7+ 53. Kf1 c2 54. Kf2
Rf7 55. Ke2 Rb7 0-1

[Event "AUTO-MASTER-271"]
[Site "http://www.queenalice.com/game.php?id=365610"]
[Date "2008.3.4"]
[Round "2"]
[White "glmelo"]
[Black "OrlandoRochaFilho"]
[Result "1-0"]
[WhiteElo "2349"]
[BlackElo "1991"]

1. d4 Nf6 2. c4 g6 3. Nc3 Bg7 4. e4 O-O 5. Nf3 d6 6. Be2 e5 7. O-O Nc6 8. d5 Ne7
9. Nd2 Nd7 10. b4 f5 11. c5 Nf6 12. f3 f4 13. a4 g5 14. Nc4 h5 15. Ba3 Ne8 16.
b5 Ng6 17. a5 Rf7 18. b6 axb6 19. axb6 Bf8 20. bxc7 Qxc7 21. Nb5 1-0

[Event "AUTO-MASTER-271"]
[Site "http://www.queenalice.com/game.php?id=365611"]
[Date "2008.3.4"]
[Round "2"]
[White "OrlandoRochaFilho"]
[Black "glmelo"]
[Result "0-1"]
[WhiteElo "2011"]
[BlackElo "2347"]

1. b3 d5 2. Bb2 Bg4 3. Nf3 Nd7 4. e3 e5 5. Be2 Bd6 6. O-O c6 7. d3 Ne7 8. h3 Be6
9. Nbd2 O-O 10. c4 Ng6 11. d4 e4 12. Ne5 Ndxe5 13. dxe5 Bxe5 14. cxd5 Bxb2 15.
dxe6 Bxa1 16. exf7+ Kh8 17. Nxe4 Qe7 0-1

[Event "AUTO-MASTER-271"]
[Site "http://www.queenalice.com/game.php?id=365612"]
[Date "2008.3.4"]
[Round "2"]
[White "glmelo"]
[Black "Brandon"]
[Result "1-0"]
[WhiteElo "2350"]
[BlackElo "2416"]

1. d4 Nf6 2. c4 e6 3. Nc3 Bb4 4. Qc2 O-O 5. a3 Bxc3+ 6. Qxc3 b6 7. Bg5 Bb7 8. f3
h6 9. Bh4 d5 10. e3 Nbd7 11. cxd5 Nxd5 12. Bxd8 Nxc3 13. Bh4 Nd5 14. Bf2 c5 15.
e4 Ne3 16. Bxe3 cxd4 17. Bxd4 Rfc8 18. Ne2 e5 19. Be3 Rc2 20. Nc3 Rc8 21. Rb1
1-0

[Event "AUTO-MASTER-271"]
[Site "http://www.queenalice.com/game.php?id=365613"]
[Date "2008.3.4"]
[Round "2"]
[White "Brandon"]
[Black "glmelo"]
[Result "0-1"]
[WhiteElo "2385"]
[BlackElo "2384"]

1. e4 e6 2. d4 d5 3. Nc3 Nf6 4. Bg5 Bb4 5. e5 h6 6. Bd2 Bxc3 7. bxc3 Ne4 8. Qg4
g6 9. Bc1 Nxc3 10. Bd3 c5 11. dxc5 Qa5 12. Bd2 Qa4 13. h3 h5 14. Qxa4+ Nxa4 15.
Be3 Bd7 16. Rb1 Bc6 17. Nf3 Nd7 18. O-O Naxc5 19. Be2 b6 20. Nd4 Rc8 21. Nxc6
Rxc6 22. c4 Ke7 23. Bg5+ f6 24. exf6+ Nxf6 25. cxd5 exd5 26. Rbd1 Rd8 27. Bf3
Rcd6 28. Rd2 d4 29. Bf4 Re6 30. Rfd1 d3 31. Be3 Red6 32. Bf4 Rd4 33. Be3 Ra4 34.
Re1 Kf7 35. Bd1 Rb4 36. f3 Rd5 37. Bf2 Nfd7 38. Bg3 h4 39. Bc7 a5 40. Re3 a4 0-1

[Event "QA-ANNIV-03"]
[Site "http://www.queenalice.com/game.php?id=413714"]
[Date "2008.6.5"]
[Round "7"]
[White "glmelo"]
[Black "pensalo"]
[Result "1/2-1/2"]
[WhiteElo "2395"]
[BlackElo "2372"]

1. d4 Nf6 2. c4 d6 3. Nc3 g6 4. e4 Bg7 5. Nf3 O-O 6. Be2 c5 7. O-O cxd4 8. Nxd4
Nc6 9. Be3 Bd7 10. Qd2 Qa5 11. Nb3 Qd8 12. f3 a6 13. Rfd1 b6 14. Rac1 Kh8 15.
Nd5 Rb8 16. Bf1 a5 17. Nd4 Nxd4 18. Bxd4 Nxd5 19. cxd5 b5 20. Rc2 b4 21. Rdc1 b3
22. axb3 1/2-1/2

[Event "AUTO-ELITE-123"]
[Site "http://www.queenalice.com/game.php?id=414201"]
[Date "2008.6.6"]
[Round "2"]
[White "mbake5"]
[Black "glmelo"]
[Result "1-0"]
[WhiteElo "2578"]
[BlackElo "2406"]

1. e4 e6 2. d4 d5 3. Nc3 Nf6 4. Bg5 Bb4 5. exd5 Bxc3+ 6. bxc3 Qxd5 7. Nf3 Ne4 8.
Bd2 Nxd2 9. Qxd2 b6 10. Bd3 Bb7 11. O-O Nd7 12. Rfe1 Nf6 13. Rab1 O-O 14. Rb5 c5
15. dxc5 Bc6 16. Rb4 Rfc8 17. Rf4 Kf8 18. Re5 Qd8 19. Nd4 Kg8 20. Rh4 bxc5 21.
Nb3 a5 22. a4 Rcb8 23. h3 Bd5 24. c4 Bc6 25. Qe3 Rb4 26. Qg3 Qd6 27. Kh2 g6 28.
Nxc5 Rc8 29. Qg5 Ne8 30. f4 Qd8 31. Qg4 Nf6 32. Qg3 1-0

[Event "AUTO-ELITE-123"]
[Site "http://www.queenalice.com/game.php?id=414202"]
[Date "2008.6.6"]
[Round "2"]
[White "glmelo"]
[Black "mbake5"]
[Result "1/2-1/2"]
[WhiteElo "2394"]
[BlackElo "2581"]

1. d4 Nf6 2. c4 e6 3. g3 d5 4. Bg2 Nc6 5. Nf3 dxc4 6. Qa4 Bb4+ 7. Bd2 Nd5 8.
Bxb4 Nxb4 9. O-O Rb8 10. Nc3 a6 11. Ne5 O-O 12. Bxc6 Nxc6 13. Nxc6 bxc6 14. Qxc4
Qd6 15. e3 Rxb2 16. Rab1 Rb6 17. f4 a5 18. Qa4 Ba6 19. Rfd1 c5 20. Ne4 1/2-1/2

[Event "QA-ANNIV-03"]
[Site "http://www.queenalice.com/game.php?id=446363"]
[Date "2008.8.9"]
[Round "8"]
[White "Bergman"]
[Black "glmelo"]
[Result "1-0"]
[WhiteElo "2433"]
[BlackElo "2401"]

1. e4 e6 2. d4 d5 3. Nc3 Nf6 4. e5 Nfd7 5. f4 c5 6. Nf3 Nc6 7. Be3 Qb6 8. Na4
Qa5+ 9. c3 cxd4 10. b4 Nxb4 11. cxb4 Bxb4+ 12. Bd2 Bxd2+ 13. Nxd2 b6 14. Rb1 Ba6
15. Bxa6 Qxa6 16. Nb2 Nc5 17. a4 O-O 18. Qe2 Qa5 19. O-O Rfc8 20. Qf2 Qc3 21.
Rfc1 Qb4 22. Rd1 Qc3 23. Re1 h6 24. Nf3 Ne4 25. Qxd4 Qc2 26. Qe3 Rc3 27. Qe2
Qxe2 28. Rxe2 Ra3 29. Rc1 Nc5 30. Nd4 Nxa4 31. Nxa4 Rxa4 32. Rd1 a5 33. Rb2 Rb8
34. f5 exf5 35. Nxf5 b5 36. Rxd5 b4 37. Ne7+ Kh7 38. Nc6 Ra8 39. Kf2 Ra3 40. Rb5
Ra6 41. Nd8 Ra7 42. h3 Ra1 43. Nc6 Ra6 44. Nd8 Ra7 45. Nc6 Ra6 46. Rc2 b3 47.
Rxb3 a4 48. Rb7 a3 49. Kg3 Re1 50. Nb4 Ra4 51. Na2 Rxe5 52. Rxf7 Ra6 53. Rb7
Ree6 54. Rb3 Red6 55. Kh2 g5 56. Nc3 g4 57. Ra2 gxh3 58. g3 Re6 59. Kxh3 1-0

[Event "ABERTO DO BRASIL"]
[Site "http://www.queenalice.com/game.php?id=451994"]
[Date "2008.8.22"]
[Round "1"]
[White "glmelo"]
[Black "csparrow"]
[Result "0-1"]
[WhiteElo "2391"]
[BlackElo "2462"]

1. e4 c5 2. Nf3 d6 3. d4 cxd4 4. Nxd4 Nf6 5. Nc3 a6 6. Be2 e5 7. Nb3 Be7 8. O-O
O-O 9. Be3 Be6 10. Qd2 Nbd7 11. a4 Rc8 12. a5 Qc7 13. Rfc1 Rfe8 14. Nd5 Nxd5 15.
exd5 Bf5 16. Ra4 Nf6 17. f3 Qd7 18. Rb4 Bd8 19. c4 h6 20. Rf1 Bg6 21. Re1 h5 22.
Bd3 Bxd3 23. Qxd3 e4 24. fxe4 Nxe4 25. Bd4 f5 26. Re3 Bg5 27. Rf3 h4 28. Rf1 Re7
29. Rf3 Rce8 30. Rf1 g6 31. Rb6 Rh7 32. c5 Qf7 33. Qc4 Bd8 34. c6 Bxb6 35. axb6
bxc6 36. Qxc6 h3 37. g3 Rf8 38. Na5 f4 0-1

[Event "QA-ANNIV-03"]
[Site "http://www.queenalice.com/game.php?id=469840"]
[Date "2008.9.28"]
[Round "9"]
[White "glmelo"]
[Black "Alsina"]
[Result "1-0"]
[WhiteElo "2381"]
[BlackElo "2457"]

1. d4 Nf6 2. Nf3 e6 3. e3 c5 4. Bd3 b6 5. O-O Bb7 6. c4 Be7 7. Nc3 cxd4 8. exd4
d5 9. cxd5 Bxd5 10. Ne5 O-O 11. Qe2 Nc6 12. Rd1 Nb4 13. Bb1 Rc8 14. a3 Nc6 15.
Bg5 Na5 16. Qd3 g6 17. Nxd5 Nxd5 18. Bh6 Re8 19. Ba2 Bg5 20. Bxg5 Qxg5 21. Qf3
Qf5 22. Qxf5 1-0

[Event "ABERTO DO BRASIL"]
[Site "http://www.queenalice.com/game.php?id=540176"]
[Date "2009.2.14"]
[Round "2"]
[White "glmelo"]
[Black "carol_santos"]
[Result "1/2-1/2"]
[WhiteElo "2398"]
[BlackElo "2351"]

1. d4 Nf6 2. Nf3 g6 3. c4 Bg7 4. Nc3 O-O 5. e4 d6 6. Be2 e5 7. dxe5 dxe5 8. Qxd8
Rxd8 9. Bg5 Re8 10. Nd5 Nxd5 11. cxd5 c6 12. Bc4 cxd5 13. Bxd5 Nd7 14. Nd2 Nc5
15. Ke2 Ne6 16. Be3 Nf4+ 17. Bxf4 exf4 18. Nc4 Bg4+ 19. f3 Rad8 20. Rhd1 Bd7 21.
Rac1 Bb5 22. Kf2 Bf8 23. g3 fxg3+ 24. hxg3 b6 25. f4 Kg7 26. Kf3 f6 27. g4 Rc8
28. b3 Ba6 29. a4 1/2-1/2

[Event "ABERTO DO BRASIL"]
[Site "http://www.queenalice.com/game.php?id=666641"]
[Date "2009.10.13"]
[Round "4"]
[White "Lord_Lelis"]
[Black "glmelo"]
[Result "0-1"]
[WhiteElo "1700"]
[BlackElo "2397"]

1. e4 c5 2. d4 cxd4 3. c3 dxc3 4. Nxc3 Nc6 5. Nf3 e6 6. Bc4 a6 7. O-O Nge7 8.
Bf4 Ng6 9. Ne2 Nxf4 10. Nxf4 Qf6 11. Qd2 Be7 12. Rad1 O-O 13. b3 d6 14. Nh5 Qg6
15. Nf4 Qxe4 16. Bd3 Qb4 17. Bxh7+ Kxh7 18. Nd3 Qxd2 19. Rxd2 e5 20. h3 e4 0-1

[Event "ABERTO DO BRASIL"]
[Site "http://www.queenalice.com/game.php?id=741964"]
[Date "2010.3.6"]
[Round "5"]
[White "glmelo"]
[Black "Tecodamara"]
[Result "1/2-1/2"]
[WhiteElo "2398"]
[BlackElo "2487"]

1. e4 e5 2. Nf3 Nc6 3. Bb5 a6 4. Ba4 Nf6 5. O-O Be7 6. Re1 b5 7. Bb3 d6 8. c3
O-O 9. h3 Na5 10. Bc2 c5 11. d4 Qc7 12. Nbd2 cxd4 13. cxd4 Nc6 14. Nb3 a5 15.
Be3 a4 16. Nbd2 Bd7 17. Rc1 Qb7 18. Qe2 Rfe8 19. Bd3 Rab8 20. dxe5 dxe5 21. a3
h6 22. Bc5 Nh5 23. Bxe7 Rxe7 24. Qe3 Nf4 25. Rc5 Qa6 26. Rec1 f6 27. Bf1 Ne6 28.
Rd5 Be8 29. Rd6 Rd8 30. Rxd8 1/2-1/2